World Capitals: Saints, Ports, and Cities - Statistics

General Stats
  • This quiz has been taken 235 times
    221 since last reset
  • The average score is 14 of 20
Answer Stats
Answer % Correct
Mexico City
84%
Port-au-Prince
82%
Port Moresby
82%
Guatemala City
77%
Guatemala City
77%
Port-of-Spain
77%
Saint George's
71%
Saint John's
69%
Panama City
68%
Santiago
66%
Port Louis
65%
Vatican City
65%
San José
64%
San Salvador
63%
Santo Domingo
63%
Kuwait City
59%
Port Vila
59%
San Marino
59%
Porto-Novo
57%
Sao Tome
51%
No matching quizzes found
Score Distribution
Percent of People with Each Score
Percentile by Number Answered
Your Score History
You have not taken this quiz since the last reset